Statistics for Car Brands of Countries

Click here to take the quiz!

General Stats

  • This quiz has been taken 43 times
  • The average score is 14 of 16

Answer Stats

Answer% Correct
Germany
100%
Germany
100%
Italy
100%
France
98%
Germany
98%
Italy
98%
Japan
98%
UK
98%
USA
98%
South Korea
93%
Sweden
93%
USA
93%
Russia
80%
Czechia
71%
Romania
68%
Spain
59%

Score Distribution

Percentile by Number Answered

Percent of People with Each Score

Your Score History

You have not taken this quiz